000
00314cam a22001217a 4500
008
180718b1936 xxu||||| |||| 00| 0 eng d
082
_a
AA6 M312
100
_a
Mander, A.E.
245
_a
Clerer thinking: (logic for every man)
_c
by A.E. Mander
260
_a
London
_b
Watts
_c
1936
300
_a
150p.
650
_a
Logic
999
_c
434196
_d
434196